Trouvez les Départements Inventés - Mort Subite - Statistiques

Statistiques générales
  • Ce quiz a été pris 266 fois
  • Le résultat moyen est 21 sur 35
Answers on the Grid
Answers color-coded by a green-red scale on the quiz's grid according to % correct below.
Territoire de Beaufort
Saône
Le Rassemblement
Haut-Rhône
Sud
Alpes
Basse-Savoie
Corse
Guyenne
Nouvelle-Calédonie
Cévennes
Andorre
Saint-Pierre-et-Miquelon
Indre-et-Cher
Garonne
Loire-Maritime
Rhin
Meurthe
Zizou
Les Verts
Sartre
Le Bon Mayennais
Aine
Un
Adour
Val-de-Seine
Haute-Seine
Héros
Pyrénées Occidentales
Maine
Couze-et-Marraine
Salse-et-Pareille
Côte d'Azur
Puy-de-Sancy
Louisiane
Gironde
Paris
Mayotte
Gers
Hautes-Pyrénées
Loire
Var
Manche
Ille-et-Vilaine
Aude
Aube
Côte d'Or
Côtes d'Armor
Haute Marne
Somme
 
Statistiques - réponses
Réponse % Correct
Le Bon Mayennais
79%
Zizou
78%
Héros
77%
Le Rassemblement
77%
Louisiane
77%
Un
75%
Couze-et-Marraine
73%
Les Verts
73%
Adour
71%
Guyenne
70%
Salse-et-Pareille
70%
Sud
70%
Andorre
68%
Basse-Savoie
67%
Puy-de-Sancy
67%
Territoire de Beaufort
63%
Val-de-Seine
61%
Cévennes
59%
Aine
58%
Haut-Rhône
58%
Indre-et-Cher
58%
Loire-Maritime
57%
Côte d'Azur
49%
Rhin
49%
Corse
47%
Meurthe
47%
Sartre
47%
Alpes
45%
Saint-Pierre-et-Miquelon
44%
Garonne
43%
Haute-Seine
43%
Nouvelle-Calédonie
43%
Pyrénées Occidentales
40%
Saône
40%
Maine
39%
Aucun quiz correspondant
Distribution des résultats
% des personnes avec chaque résultat
Percentile par nombre de réponses
Votre historique - résultats
Vous n’avez pas pris ce quiz